| 000 | 00486nam a22001217a 4500 | ||
|---|---|---|---|
| 008 | 230620b xxu||||| |||| 00| 0 eng d | ||
| 082 |
_a323.4 _bUNI |
||
| 110 |
_bUnited Nations _cNY and Geneva _d1998 |
||
| 245 |
_aCommittee on Economic, Social and cultural Rights _bReport on the sixteenth and seventeenth sessions (28 April-16 May, 17 November-5 December 1997) _cEconomic and social council _hSupplement no.2 |
||
| 260 |
_aNewyork and geneva _bUN _c1998 |
||
| 300 | _a173p | ||
| 942 |
_2ddc _cBK |
||
| 999 |
_c1738 _d1738 |
||